| 000 | 01513nam0a22003371 4500 | ||
|---|---|---|---|
| 001 | rc\2190573 | ||
| 005 | 20250623055746.0 | ||
| 035 | _a(NLR Aleph) 006612468 | ||
| 090 |
_a7363646 _c7363646 |
||
| 100 | _a20110829d1978 |||y0rusy50 ca | ||
| 101 | 0 |
_arus _afre _aeng _ager |
|
| 102 | _aRU | ||
| 105 | _aa z ||||| | ||
| 200 | 1 |
_aТруды XII конгресса УНИАТЕК, 5-10 октября 1976 _dActes du XII congres of L'UNIATEC _dProceedings of the XII congress of UNIATEC |
|
| 210 |
_aМосква _cВнешторгиздат _d[1978] |
||
| 215 |
_a[1], 381 с. _cил. _d28 |
||
| 300 | _aТекст на рус., фр., англ. и нем. яз. | ||
| 510 | 0 |
_aProceedings of the XII congress of UNIATEC _zrus |
|
| 510 | 0 |
_aActes du XII congres of L'UNIATEC _zrus |
|
| 517 | 0 | _aVeröffentlichungen des XII UNIATEC - Kongresses | |
| 710 | 0 | 2 |
_aМеждународный союз техн. кинематографических ассоциаций _bКонгресс _d12 _f1976 _eМосква |
| 712 | 0 | 2 |
_aInternational union of technical cinematographic associations _bCongress _d12 _f1976 _eMoscow |
| 712 | 0 | 2 |
_aInternationale Union der filmtechnischen Assoziationen _bKongress _d12 _f1976 _eMoskau |
| 712 | 0 | 2 |
_aUnion internationale des assocations techniques cinematographiques _bCongres _d12 _f1976 _eMoscou |
| 801 | 0 |
_aRU _bNLR _gpsbo |
|
| 801 | 1 |
_aRU _bELAR _2rusmarc |
|
| 852 |
_aNLR _j78-8/1254 |
||
| 899 |
_aRuMoRGB _jБ 78-13/321 |
||
| 899 |
_aRuMoRGB _jБ 78-13/322 |
||
| 942 | _cBOOK | ||
| 980 | _aNB | ||